Alcohol use and abuse in Bhutan / (Record no. 3386)

MARC details
000 -LEADER
fixed length control field 00548nam a2200169 4500
001 - CONTROL NUMBER
control field 4133
005 - DATE AND TIME OF LATEST TRANSACTION
control field 20181127172700.0
020 00 - INTERNATIONAL STANDARD BOOK NUMBER
International Standard Book Number 9789993628125
090 00 - LOCALLY ASSIGNED LC-TYPE CALL NUMBER (OCLC); LOCAL CALL NUMBER (RLIN)
Classification number (OCLC) (R) ; Classification number, CALL (RLIN) (NR) 362.292 D699a 2012
100 00 - MAIN ENTRY--PERSONAL NAME
Personal name Dorji, Lham.
245 00 - TITLE STATEMENT
Title Alcohol use and abuse in Bhutan /
Remainder of title
Statement of responsibility, etc. Lham Dorji.
Medium
260 00 - PUBLICATION, DISTRIBUTION, ETC.
Place of publication, distribution, etc. Thimphu :
Name of publisher, distributor, etc. National Statistics Bureau,
Date of publication, distribution, etc. 2012.
300 00 - PHYSICAL DESCRIPTION
Extent x, 195 p. ; 22 cm.
650 00 - SUBJECT ADDED ENTRY--TOPICAL TERM
Topical term or geographic name entry element Bhutan.
General subdivision
Topical term or geographic name entry element Drinking of alcoholic beverages.
General subdivision
856 ## - ELECTRONIC LOCATION AND ACCESS
Host name
Uniform Resource Identifier <a href="http://www.nsb.gov.bt/publication/files/pub1vc5889ov.pdf">http://www.nsb.gov.bt/publication/files/pub1vc5889ov.pdf</a>
Link text Alcohol use and abuse in Bhutan.
Public note
Materials specified
Holdings
Withdrawn status Lost status Source of classification or shelving scheme Damaged status Not for loan Collection code Home library Current library Shelving location Date acquired Serial Enumeration / chronology Inventory number Total Checkouts Total Renewals Full call number Barcode Date last seen Date last checked out Copy number Price effective from Koha item type Public note
    Dewey Decimal Classification     Main TEST RTC Library RTC Library Main opac 26/03/2024 6951 2 1 362.29 DOR 30006939 16/12/2025 20/08/2025 1 27/11/2018 Main Book Lost
    Dewey Decimal Classification     Main TEST RTC Library RTC Library Main opac   6953     362.29 DOR 30006909 27/11/2018   2 27/11/2018 Main  
    Dewey Decimal Classification     Main TEST RTC Library RTC Library Main opac 15/12/2025 6952 1   362.29 DOR 30006832 24/02/2026 15/12/2025 3 27/11/2018 Main  
    Dewey Decimal Classification     Main TEST RTC Library RTC Library Main opac 26/03/2024 7641     362.29 DOR 30007737 29/03/2024   4 27/11/2018 Main  
    Dewey Decimal Classification     Main TEST RTC Library RTC Library Main opac   7640 2   362.29 DOR 30007791 17/04/2026 02/04/2026 5 27/11/2018 Main  
Royal Thimphu College || All Right Reserved